| 000 | 01209nam a22002651i 4500 | ||
|---|---|---|---|
| 001 | lifedeathofgreek00bala | ||
| 003 | CaSfIA | ||
| 005 | 20210118164057.0 | ||
| 007 | cr|||| | ||
| 008 | 890216 1970 cau 000 0 eng | ||
| 035 | _907-APM-9295 | ||
| 040 |
_aDLC DLC CU-SB _dCaSfIA |
||
| 100 | 1 | _aBalabanis, Homer P. | |
| 245 | 1 | 4 |
_aThe life and death of a Greek village / _h[electronic resource] _cby Homer P. Balabanis. |
| 260 |
_aKentfield, Calif. : _bWestern Star Press, _cc1970. |
||
| 300 |
_a91p. : _bmap. |
||
| 651 | 0 | _aDemirtas, Turkey. | |
| 852 |
_hDR741.D45 _iB35 |
||
| 856 | 4 | 1 |
_uhttp://www.archive.org/details/lifedeathofgreek00bala _zFree eBook from the Internet Archive |
| 856 | 4 | 2 |
_uhttp://www.openlibrary.org/books/OL24369166M _zAdditional information and access via Open Library |
| 942 | _cEB | ||
| 506 | _fНеобхідна авторизація на https://archive.org/ (створення облікового запису безкоштовно) | ||
| 506 | _fНеобхідна авторизація на https://openlibrary.org/ (створення облікового запису безкоштовно) | ||
| 999 |
_c518604 _d518604 |
||